000 00470nam a2200181Ia 4500
005 20250326130400.0
008 250326s9999 xx 000 0 und d
037 _aTextbook
040 _aFMSL
_beng
_cFMSL
041 _aeng
_2eng
084 _aX:51 L0
_qFMSL
100 _aBerg T L
_9736841
245 0 _aMismarketing
_cBerg T L
260 _aLondon
_bLondon, Thoman Nelson
_c1970
300 _a244p
942 _cTB
_hX:51 L0
999 _c1282241
_d1282241